[Event "POL-chT U19 2nd League"]
[Site "Chelm Lubelski"]
[Date "2010.07.08"]
[Round "4"]
[White "Mirek, Lukasz"]
[Black "Goluch, Piotr"]
[Result "1-0"]
[WhiteElo "1627"]
[BlackElo "2181"]
[PlyCount "59"]
[EventDate "2010.07.06"]
[EventType "team-tourn"]
[EventRounds "11"]
[EventCountry "POL"]
[SourceTitle "EXT 2011"]
[Source "ChessBase"]
[SourceDate "2010.11.26"]
[SourceVersion "1"]
[SourceVersionDate "2010.11.26"]
[SourceQuality "1"]
[WhiteTeam "Katowice UKS Palac Mlodziezy U19"]
[BlackTeam "Bogatynia UKS SP3 U19"]
[WhiteTeamCountry "POL"]
[BlackTeamCountry "POL"]

1. c4 Nf6 2. e3 c5 3. Nf3 g6 4. d3 Bg7 5. Be2 0-0 6. Nc3 d5 7. cxd5 Nxd5 8. Qb3 Nxc3 9. bxc3 c4 10. Qxc4 Be6 11. Qb4 Nc6 12. Qb2 Bg4 13. 0-0 Bxf3 14. gxf3 e6 15. d4 Rb8 16. a4 e5 17. Rd1 exd4 18. cxd4 Re8 19. Qd2 Qh4 20. Bb2 Ne7 21. Rab1 Nf5 22. d5 Bh6 23. f4 Qh3 24. Kh1 Nh4 25. Rg1 Bxf4 26. exf4 Rxe2 27. Qxe2 Nf3 28. Rg2 h5 29. Rc1 h4 30. Rc3 1-0

[Event "POL-chT U19 2nd League"]
[Site "Chelm Lubelski"]
[Date "2010.07.06"]
[Round "1"]
[White "Antoniewicz, Jakub"]
[Black "Mirek, Lukasz"]
[Result "1-0"]
[WhiteElo "1776"]
[BlackElo "1627"]
[PlyCount "57"]
[EventDate "2010.07.06"]
[EventType "team-tourn"]
[EventRounds "11"]
[EventCountry "POL"]
[SourceTitle "EXT 2019"]
[Source "ChessBase"]
[SourceDate "2018.10.10"]
[SourceVersion "1"]
[SourceVersionDate "2018.10.10"]
[SourceQuality "1"]
[WhiteTeam "Wroclaw MUKS MDK Fabryczna U19"]
[BlackTeam "Katowice UKS Palac Mlodziezy U19"]
[WhiteTeamCountry "POL"]
[BlackTeamCountry "POL"]

1. c4 e5 2. Nc3 g6 3. g3 Bg7 4. Bg2 Ne7 5. d3 0-0 6. e4 d6 7. Nge2 Be6 8. 0-0 c5 9. f4 Nbc6 10. Be3 b6 11. f5 gxf5 12. exf5 Nxf5 13. Rxf5 Bxf5 14. Bxc6 Rb8 15. Qd2 Kh8 16. Ne4 Rg8 17. Rf1 Be6 18. Ng5 Qe7 19. Nc3 Rgf8 20. Nd5 Qd8 21. Qe2 Qc8 22. Qh5 h6 23. Ne7 Qc7 24. Nxe6 fxe6 25. Ng6+ Kg8 26. Nxf8 Rxf8 27. Rxf8+ Bxf8 28. Qg6+ Kh8 29. Be4 1-0

[Event "Chorzow op"]
[Site "Chorzow"]
[Date "2010.03.28"]
[Round "9"]
[White "Mirek, Lukasz"]
[Black "Bogacki, Henryk"]
[Result "0-1"]
[WhiteElo "1643"]
[BlackElo "1615"]
[PlyCount "45"]
[EventDate "2010.03.20"]
[EventType "swiss"]
[EventRounds "9"]
[EventCountry "POL"]
[SourceTitle "EXT 2012"]
[Source "ChessBase"]
[SourceDate "2011.11.24"]
[SourceVersion "1"]
[SourceVersionDate "2011.11.24"]
[SourceQuality "1"]

1. e4 e5 2. Nf3 Nc6 3. Bb5 a6 4. Ba4 Nf6 5. 0-0 Be7 6. Re1 b5 7. Bb3 0-0 8. c3 d5 9. exd5 Nxd5 10. Nxe5 Nxe5 11. Rxe5 Nf6 12. d4 Bd6 13. Re1 Ng4 14. g3 Nxh2 15. Kxh2 Qh4+ 16. Kg1 Bxg3 17. fxg3 Qxg3+ 18. Kh1 Bg4 19. Qxg4 Qxg4 20. Bd2 Rfe8 21. Na3 Re2 22. Rxe2 Qxe2 23. Bf4 0-1

[Event "Chorzow op"]
[Site "Chorzow"]
[Date "2010.03.20"]
[Round "1"]
[White "Mirek, Lukasz"]
[Black "Jelonek, Michal"]
[Result "0-1"]
[WhiteElo "1643"]
[BlackElo "1959"]
[PlyCount "48"]
[EventDate "2010.03.20"]
[EventType "swiss"]
[EventRounds "9"]
[EventCountry "POL"]
[SourceTitle "EXT 2012"]
[Source "ChessBase"]
[SourceDate "2011.11.24"]
[SourceVersion "1"]
[SourceVersionDate "2011.11.24"]
[SourceQuality "1"]

1. d4 Nf6 2. b3 e6 3. Bb2 b6 4. e3 Bb7 5. Nf3 Be7 6. Bd3 0-0 7. 0-0 d6 8. c4 Ne4 9. Nfd2 f5 10. f3 Ng5 11. e4 c5 12. exf5 exf5 13. Qc2 Nc6 14. a3 Bf6 15. d5 Nd4 16. Qc1 Qe8 17. Re1 Qg6 18. Kf2 Qh5 19. Rh1 Rae8 20. Nc3 Qh4+ 21. g3 Qh5 22. Be2 Ndxf3 23. Nb5 Rxe2+ 24. Kxe2 Nd4+ 0-1